[Event "DVM U16 2014"]
[Site "Magdeburg GER"]
[Date "2014.12.27"]
[Round "2"]
[White "Rieper, Julian"]
[Black "Tiedemann, Fin Niklas"]
[Result "1-0"]
[Termination "normal"]
[Board "1.4"]
[WhiteElo "1711"]
[BlackElo "1709"]
[WhiteClock "00:43:50"]
[BlackClock "00:27:12"]
[WhiteTeam "SK Doppelbauer Kiel"]
[BlackTeam "Lübecker SV"]
[PlyCount "109"]
[WhiteFideId "12936960"]
[BlackFideId "12936936"]
[EventCountry "GER"]
[EventRounds "7"]
[EventType "team-swiss"]
[EventDate "2014.12.26"]

1. e4 e5 2. Nf3 Nc6 3. Bc4 Nf6 4. Ng5 d5 5. exd5 Na5 6. Bb5+ c6 7. dxc6 bxc6 8.
Be2 h6 9. Nf3 e4 10. Ne5 Qd4 11. f4 Bc5 12. Rf1 Be7 13. c3 Qd6 14. Qa4 Nb7 15.
Qxc6+ Qxc6 16. Nxc6 Bd6 17. b3 O-O 18. Na3 Re8 19. Nc4 Bf8 20. Bb2 Nc5 21.
O-O-O e3 22. Nxe3 Bb7 23. Bf3 Rec8 24. Ne5 Bxf3 25. Rxf3 a5 26. N3c4 Ra6 27. g4
Nd5 28. f5 a4 29. b4 Ne4 30. Re1 Nef6 31. a3 Nxg4 32. Rg1 Ngf6 33. Kb1 Nh7 34.
Ne3 Ndf6 35. d3 Ng5 36. Rfg3 Bd6 37. c4 Nh5 38. R3g2 f6 39. N5g4 Nf4 40. h4
Nxg2 41. Rxg2 Nh7 42. Nxh6+ Kf8 43. Nhg4 Re8 44. c5 Bf4 45. Nd5 Bb8 46. Nge3
Rc6 47. Rg4 Kf7 48. d4 Rcc8 49. Kc2 Nf8 50. Kd3 Nd7 51. Nc4 Re1 52. Ncb6 Nxb6
53. Nxb6 Rce8 54. Nxa4 R8e3+ 55. Kc4 1-0

[Event "DVM U16 2014"]
[Site "Magdeburg GER"]
[Date "2014.12.27"]
[Round "2"]
[White "Flüchter, Gregor"]
[Black "Bergauz, Noam"]
[Result "1/2-1/2"]
[Termination "normal"]
[Board "2.1"]
[WhiteElo "2127"]
[BlackElo "2264"]
[WhiteClock "01:04:50"]
[BlackClock "01:09:28"]
[WhiteTeam "SF Brackel 1930"]
[BlackTeam "SK München Südost"]
[PlyCount "57"]
[WhiteFideId "12903396"]
[BlackFideId "12938033"]
[EventCountry "GER"]
[EventRounds "7"]
[EventType "team-swiss"]
[EventDate "2014.12.26"]

1. e4 e6 2. d4 d5 3. exd5 exd5 4. Nf3 Bd6 5. c4 c6 6. Nc3 Ne7 7. Bd3 O-O 8. O-O
dxc4 9. Bxc4 Bf5 10. Re1 Nd7 11. Bb3 h6 12. Be3 Nf6 13. Ne5 Nfd5 14. Nxd5 cxd5
15. Rc1 Rc8 16. Rxc8 Qxc8 17. Bf4 Qc7 18. Bg3 Rc8 19. Qh5 Be6 20. Nd3 Nf5 21.
Bxd5 Nxd4 22. Bxe6 Nxe6 23. Bxd6 Qxd6 24. Ne5 Rc7 25. b3 Qd2 26. Nf3 Qxa2 27.
Rxe6 fxe6 28. Qe8+ Kh7 29. Ng5+ 1/2-1/2

[Event "DVM U16 2014"]
[Site "Magdeburg GER"]
[Date "2014.12.27"]
[Round "2"]
[White "Müller, Constantin"]
[Black "Birnkraut, Tim"]
[Result "1-0"]
[Termination "normal"]
[Board "2.2"]
[WhiteElo "2082"]
[BlackElo "1954"]
[WhiteClock "00:22:13"]
[BlackClock "00:13:36"]
[WhiteTeam "SK München Südost"]
[BlackTeam "SF Brackel 1930"]
[PlyCount "87"]
[WhiteFideId "24697630"]
[BlackFideId "24609587"]
[EventCountry "GER"]
[EventRounds "7"]
[EventType "team-swiss"]
[EventDate "2014.12.26"]

1. d4 d5 2. c4 e6 3. Nf3 c6 4. g3 dxc4 5. Bg2 Nf6 6. O-O b5 7. Ne5 Bb7 8. a4
Qc8 9. b3 c5 10. Bxb7 Qxb7 11. dxc5 Bxc5 12. axb5 cxb3 13. Qxb3 O-O 14. Bb2 Qd5
15. Qxd5 Nxd5 16. Rc1 Bb6 17. Nd2 f6 18. Nec4 Bc5 19. Nb3 Nd7 20. e4 N5b6 21.
Nca5 Bd6 22. Rc6 Be5 23. Bxe5 Nxe5 24. Rxe6 Kf7 25. Rd6 Ke7 26. Rad1 Rfc8 27.
f4 Nec4 28. Rc6 Nxa5 29. Nxa5 Rxc6 30. Nxc6+ Ke8 31. Ra1 Nc8 32. Kf2 Kd7 33.
Ke3 Kc7 34. Ra6 Kd7 35. Kd4 Kc7 36. e5 fxe5+ 37. fxe5 Kd7 38. Kc5 g6 39. h4 h5
40. Ra4 Ke6 41. Rf4 Ne7 42. Rf6+ Kd7 43. Rf7 Re8 44. Rxe7+ 1-0

[Event "DVM U16 2014"]
[Site "Magdeburg GER"]
[Date "2014.12.27"]
[Round "2"]
[White "Stemmler, Fabian"]
[Black "Leeb, Simon"]
[Result "1-0"]
[Termination "normal"]
[Board "2.3"]
[WhiteElo "1856"]
[BlackElo "2000"]
[WhiteTeam "SF Brackel 1930"]
[BlackTeam "SK München Südost"]
[PlyCount "71"]
[WhiteFideId "12964808"]
[BlackFideId "12924768"]
[EventCountry "GER"]
[EventRounds "7"]
[EventType "team-swiss"]
[EventDate "2014.12.26"]

1. e4 c5 2. d4 cxd4 3. c3 dxc3 4. Nxc3 Nc6 5. Nf3 a6 6. Bc4 e6 7. O-O Qc7 8.
Qe2 Be7 9. Rd1 h6 10. Be3 Nf6 11. Rac1 b5 12. Bb3 Qb8 13. Nd5 exd5 14. exd5 O-O
15. dxc6 dxc6 16. Rxc6 Bb7 17. Rcc1 Re8 18. Qd2 Rd8 19. Qe2 Re8 20. Qd2 g5 21.
Nd4 Ng4 22. g3 Qe5 23. Nc6 Bxc6 24. Rxc6 Rad8 25. Qc3 Qe4 26. Rxd8 Bxd8 27. Bc2
Qf3 28. Bd4 Qe2 29. Bd3 Qd1+ 30. Kg2 Ba5 31. Rc8 Bd8 32. h3 b4 33. Qc6 Rf8 34.
Qe4 f5 35. Qd5+ Kh7 36. Bxf5+ 1-0

[Event "DVM U16 2014"]
[Site "Magdeburg GER"]
[Date "2014.12.27"]
[Round "2"]
[White "Huber, Benedikt"]
[Black "Wastian, Jan"]
[Result "1/2-1/2"]
[Termination "normal"]
[Board "2.4"]
[WhiteElo "1798"]
[BlackElo "1656"]
[WhiteClock "00:24:46"]
[BlackClock "00:24:08"]
[WhiteTeam "SK München Südost"]
[BlackTeam "SF Brackel 1930"]
[PlyCount "70"]
[WhiteFideId "12923583"]
[BlackFideId "12911640"]
[EventCountry "GER"]
[EventRounds "7"]
[EventType "team-swiss"]
[EventDate "2014.12.26"]

1. d4 d5 2. Bf4 Nf6 3. e3 c5 4. Nc3 cxd4 5. exd4 a6 6. Nf3 Nc6 7. Bd3 Bg4 8.
Be2 e6 9. Rb1 Bd6 10. Be3 O-O 11. O-O b5 12. h3 Bh5 13. Ne1 Bxe2 14. Nxe2 Ne4
15. Nf3 Rc8 16. a3 Qc7 17. c3 Na5 18. Nd2 Nxd2 19. Bxd2 Nc4 20. f4 f5 21. Nc1
Qb6 22. Kh1 a5 23. Nd3 Qa7 24. Qe1 Rce8 25. Ne5 b4 26. Nxc4 dxc4 27. axb4 axb4
28. Ra1 Qc7 29. cxb4 Kf7 30. Qe2 Ra8 31. Rxa8 Rxa8 32. Re1 Re8 33. d5 Qc8 34.
Qf3 g6 35. h4 Qc5 {Nicht nachvollziehbar} 1/2-1/2

[Event "DVM U16 2014"]
[Site "Magdeburg GER"]
[Date "2014.12.27"]
[Round "2"]
[White "Ehmann, Thilo"]
[Black "Schulte, Felix"]
[Result "0-1"]
[Termination "normal"]
[Board "3.1"]
[WhiteElo "2072"]
[BlackElo "1778"]
[WhiteTeam "SF Sasbach"]
[BlackTeam "USV Halle"]
[PlyCount "78"]
[WhiteFideId "12940968"]
[BlackFideId "12914800"]
[EventCountry "GER"]
[EventRounds "7"]
[EventType "team-swiss"]
[EventDate "2014.12.26"]

1. e4 c5 2. Nf3 e6 3. c4 a6 4. d4 cxd4 5. Nxd4 Nf6 6. f3 d6 7. Nc3 Qc7 8. Be3
Be7 9. Be2 Nbd7 10. O-O b6 11. Rc1 Bb7 12. Qd2 O-O 13. Rfd1 Rac8 14. Qe1 Rfe8
15. Kh1 Qb8 16. Nc2 Qa8 17. Na4 Qb8 18. Qg1 Bd8 19. Nxb6 Bxb6 20. Bxb6 Ba8 21.
Bd4 d5 22. cxd5 exd5 23. Bxa6 dxe4 24. fxe4 Rc6 25. Bd3 Rce6 26. e5 Nxe5 27.
Bf5 Nf3 28. Ba7 Qe5 29. Bxe6 Nxg1 30. Bd7 Nf3 31. Bg1 Nxd7 32. Rxd7 Qxb2 33.
Be3 Nh4 34. Bg5 Bxg2+ 35. Kg1 Nf3+ 36. Kxg2 Nxg5 37. Re1 Qxc2+ 38. Kg3 Qc3+ 39.
Kg4 Qxe1 0-1

[Event "DVM U16 2014"]
[Site "Magdeburg GER"]
[Date "2014.12.27"]
[Round "2"]
[White "Kretzschmar, Arnd"]
[Black "Riehle, Marco"]
[Result "0-1"]
[Termination "normal"]
[Board "3.2"]
[WhiteElo "1896"]
[BlackElo "2034"]
[WhiteTeam "USV Halle"]
[BlackTeam "SF Sasbach"]
[PlyCount "68"]
[WhiteFideId "12914835"]
[BlackFideId "12904392"]
[EventCountry "GER"]
[EventRounds "7"]
[EventType "team-swiss"]
[EventDate "2014.12.26"]

1. d4 d5 2. c4 c6 3. Nc3 e6 4. cxd5 exd5 5. Qc2 Bd6 6. Nf3 Qc7 7. Bg5 h6 8. Bh4
Ne7 9. e3 Bg4 10. Be2 O-O 11. Bg3 Bxf3 12. Bxf3 Bxg3 13. hxg3 Qd6 14. O-O Nd7
15. Rab1 f5 16. b4 b5 17. Ne2 Nb6 18. Nf4 Nc4 19. Qc3 a5 20. Nd3 axb4 21. Nxb4
Ra7 22. Bd1 Rfa8 23. Re1 Kh7 24. Re2 Ng8 25. Bb3 Nf6 26. Bxc4 dxc4 27. f3 Ra3
28. Qc2 g6 29. Kf2 R3a5 30. Rd2 Nd5 31. Nxd5 cxd5 32. Ra1 b4 33. Qb1 b3 34. Rb2
Qa6 0-1

[Event "DVM U16 2014"]
[Site "Magdeburg GER"]
[Date "2014.12.27"]
[Round "2"]
[White "Bohnert, Dominik"]
[Black "Altstadt, Karl-Simon"]
[Result "0-1"]
[Termination "normal"]
[Board "3.3"]
[WhiteElo "2054"]
[BlackElo "1915"]
[WhiteTeam "SF Sasbach"]
[BlackTeam "USV Halle"]
[PlyCount "63"]
[WhiteFideId "12918075"]
[BlackFideId "24696676"]
[EventCountry "GER"]
[EventRounds "7"]
[EventType "team-swiss"]
[EventDate "2014.12.26"]

1. e4 c5 2. Nf3 d6 3. d4 cxd4 4. Nxd4 Nf6 5. f3 a6 6. c4 e6 7. Nc3 Qc7 8. Be3
Nbd7 9. Rc1 b6 10. Be2 Be7 11. O-O O-O 12. Qd2 Bb7 13. Rfd1 Rac8 14. Qe1 Rfe8
15. Kh1 Qb8 16. Qg1 Ba8 17. a3 Ne5 18. Qf1 Bb7 19. Na4 Ned7 20. b4 Bd8 21. Qg1
Be7 22. Rc2 d5 23. cxd5 exd5 24. exd5 Nxd5 25. Bf2 Nf4 26. Bf1 Ne5 27. Rdc1
Ned3 28. Bxd3 Nxd3 29. Rd1 Ba8 30. Rxc8 Rxc8 31. Qf1 Nxf2+ 32. Qxf2 {Nicht mehr
nachvollziehbar} 0-1

[Event "DVM U16 2014"]
[Site "Magdeburg GER"]
[Date "2014.12.27"]
[Round "2"]
[White "Hartge, Gedeon"]
[Black "Zimmer, Raphael"]
[Result "0-1"]
[Termination "normal"]
[Board "3.4"]
[WhiteElo "1889"]
[BlackElo "1842"]
[WhiteTeam "USV Halle"]
[BlackTeam "SF Sasbach"]
[PlyCount "70"]
[WhiteFideId "12932116"]
[BlackFideId "12978841"]
[EventCountry "GER"]
[EventRounds "7"]
[EventType "team-swiss"]
[EventDate "2014.12.26"]

1. d4 d5 2. c4 e6 3. Nc3 c5 4. cxd5 cxd4 5. Qa4+ Bd7 6. Qxd4 exd5 7. Qxd5 Nc6
8. Nf3 Nf6 9. Qd1 Bc5 10. e3 Qe7 11. Be2 O-O-O 12. O-O g5 13. b4 Bxb4 14. Bb2
g4 15. Nd4 h5 16. Rc1 Kb8 17. Ncb5 h4 18. Qa4 a6 19. Nxc6+ Bxc6 20. Bxf6 Qxf6
21. Qxb4 axb5 22. Bxb5 Bd5 23. Bc4 Bxg2 24. Kxg2 h3+ 25. Kg1 Qf3 26. Bd5 Rxd5
27. Qf4+ Qxf4 28. exf4 Rd4 29. f5 Rf4 30. Rfe1 Rh5 31. Re7 Rfxf5 32. Rb1 b5 33.
Rb2 Rc5 34. Kf1 g3 35. hxg3 Rc1+ 0-1

[Event "DVM U16 2014"]
[Site "Magdeburg GER"]
[Date "2014.12.27"]
[Round "2"]
[White "Herzum, Peter"]
[Black "Peczely, Sebastian Zsombor"]
[Result "1/2-1/2"]
[Termination "normal"]
[Board "4.1"]
[WhiteElo "2024"]
[BlackElo "2197"]
[WhiteTeam "Düsseldorfer SK"]
[BlackTeam "Schachgemeinschaft Leipzig"]
[PlyCount "59"]
[WhiteFideId "12919217"]
[BlackFideId "750964"]
[EventCountry "GER"]
[EventRounds "7"]
[EventType "team-swiss"]
[EventDate "2014.12.26"]

1. e4 e5 2. Nf3 Nc6 3. Bb5 a6 4. Ba4 Nge7 5. c4 g6 6. d4 exd4 7. Nxd4 Bg7 8.
Ne2 O-O 9. Nbc3 Ne5 10. Bb3 N7c6 11. f4 Qh4+ 12. g3 Nf3+ 13. Kf2 Qh5 14. h3
Nfd4 15. Nxd4 Bxd4+ 16. Kg2 Qxd1 17. Rxd1 Bxc3 18. bxc3 d6 19. g4 b6 20. c5
dxc5 21. Bd5 Bb7 22. f5 Na5 23. Bxb7 Nxb7 24. Rd7 Rfe8 25. Bf4 Nd6 26. Bxd6
cxd6 27. fxg6 fxg6 28. Rf1 Rad8 29. Rb7 Rb8 30. Rd7 1/2-1/2

[Event "DVM U16 2014"]
[Site "Magdeburg GER"]
[Date "2014.12.27"]
[Round "2"]
[White "Kaplun, David"]
[Black "Kreyssig, Bruno"]
[Result "1/2-1/2"]
[Termination "normal"]
[Board "4.3"]
[WhiteElo "1939"]
[BlackElo "1899"]
[WhiteTeam "Düsseldorfer SK"]
[BlackTeam "Schachgemeinschaft Leipzig"]
[PlyCount "98"]
[WhiteFideId "12901954"]
[BlackFideId "4692489"]
[EventCountry "GER"]
[EventRounds "7"]
[EventType "team-swiss"]
[EventDate "2014.12.26"]

1. d4 Nf6 2. c4 c5 3. d5 b5 4. cxb5 a6 5. Nc3 axb5 6. Nxb5 Ba6 7. Nc3 g6 8. e4
Bxf1 9. Kxf1 d6 10. g3 Bg7 11. Kg2 O-O 12. Nf3 Nbd7 13. Nd2 Ne5 14. Qe2 Qc7 15.
f4 Ned7 16. Nc4 Nb6 17. Nb5 Qb7 18. Nxb6 Qxb6 19. a4 Rfb8 20. Bd2 Ne8 21. Bc3
Nc7 22. Nxc7 Qxc7 23. Qc2 Rb7 24. Bxg7 Kxg7 25. Rhb1 Rb4 26. h4 Qa5 27. b3 Rc8
28. Qd2 Qb6 29. a5 Qb5 30. Qc2 Ra8 31. h5 Rxa5 32. h6+ Kxh6 33. Rxa5 Qxa5 34.
Qb2 f6 35. e5 Rd4 36. Rh1+ Kg7 37. exf6+ exf6 38. Kh3 Rd2 39. Qb1 Qa6 40. Qe4
Qc8+ 41. g4 h5 42. Qe7+ Kh6 43. f5 Rd3+ 44. Kh2 Qa8 45. Rg1 Rd2+ 46. Kh3 hxg4+
47. Rxg4 Rd3+ 48. Kh2 Rd2+ 49. Kh3 Rd3+ 1/2-1/2

[Event "DVM U16 2014"]
[Site "Magdeburg GER"]
[Date "2014.12.27"]
[Round "2"]
[White "Hofmann, Timo"]
[Black "Lückerath, Moritz"]
[Result "0-1"]
[Termination "normal"]
[Board "4.4"]
[WhiteElo "1716"]
[BlackElo "1713"]
[WhiteTeam "Schachgemeinschaft Leipzig"]
[BlackTeam "Düsseldorfer SK"]
[PlyCount "98"]
[WhiteFideId "12946044"]
[BlackFideId "12954810"]
[EventCountry "GER"]
[EventRounds "7"]
[EventType "team-swiss"]
[EventDate "2014.12.26"]

1. d4 Nf6 2. c4 c5 3. d5 e6 4. Nc3 exd5 5. cxd5 d6 6. e4 g6 7. Nge2 Bg7 8. Ng3
O-O 9. Be2 a6 10. a4 Nbd7 11. Be3 Ne8 12. Qd2 Ne5 13. h3 Nc7 14. O-O Rb8 15. f4
Nd7 16. a5 b5 17. axb6 Rxb6 18. Ra5 Rb4 19. Rfa1 Nb6 20. e5 Re8 21. exd6 Rxe3
22. dxc7 Qxc7 23. Nf1 Re8 24. Bxa6 Bxa6 25. Rxa6 Nc4 26. Qc1 Rxb2 27. R1a2 Rxa2
28. Rxa2 Bd4+ 29. Kh1 Bxc3 30. Qxc3 Qxf4 31. Kg1 Qd4+ 32. Qxd4 cxd4 33. Ra4 Rc8
34. d6 Nxd6 35. Rxd4 Nf5 36. Rd3 Rc4 37. g4 Rd4 38. Rc3 Ne7 39. g5 h6 40. gxh6
Rh4 41. Kg2 Rxh6 42. Kg3 Rh5 43. Ne3 Re5 44. Ng4 Re6 45. Ne3 Rxe3+ 46. Rxe3
Nf5+ 47. Kf2 Nxe3 48. Kxe3 Kg7 49. Kf4 Kh6 0-1

[Event "DVM U16 2014"]
[Site "Magdeburg GER"]
[Date "2014.12.27"]
[Round "2"]
[White "Greßmann, Moritz"]
[Black "Höglauer, Patrick"]
[Result "1/2-1/2"]
[Termination "normal"]
[Board "5.1"]
[WhiteElo "2019"]
[BlackElo "1992"]
[WhiteTeam "BSV 63 Chemie Weißensee"]
[BlackTeam "SV Backnang"]
[PlyCount "101"]
[WhiteFideId "24695084"]
[BlackFideId "1270548"]
[EventCountry "GER"]
[EventRounds "7"]
[EventType "team-swiss"]
[EventDate "2014.12.26"]

1. e4 c5 2. Nf3 e6 3. d3 Nc6 4. g3 g6 5. Bg2 Bg7 6. O-O Nge7 7. Nc3 O-O 8. Nh4
d5 9. f4 dxe4 10. dxe4 Qxd1 11. Rxd1 Bd4+ 12. Kh1 Bxc3 13. bxc3 e5 14. Be3 b6
15. Rd6 Ba6 16. f5 Rad8 17. Rad1 Rxd6 18. Rxd6 Rd8 19. Rxd8+ Nxd8 20. Bg5 Nec6
21. fxg6 fxg6 22. Nf3 Nf7 23. Bf6 Bc4 24. a3 Be2 25. Kg1 Bd1 26. Ne1 Nd6 27.
Bf3 Bxf3 28. Nxf3 Nxe4 29. Nxe5 Nxf6 30. Nxc6 a6 31. Ne5 Kf8 32. Kg2 Ke7 33.
Kf3 Ke6 34. Nd3 Kd5 35. Kf4 Ne4 36. c4+ Kd4 37. Ne1 Nd6 38. Kg5 Nxc4 39. a4 Nb2
40. Kh6 Ke5 41. Kxh7 Kf6 42. h4 Nxa4 43. g4 Nc3 44. g5+ Kf5 45. Ng2 Nd5 46. c4
Ne7 47. Ne3+ Ke5 48. Nd5 Nf5 49. Kxg6 Nxh4+ 50. Kh5 Nf5 51. Nxb6 1/2-1/2

[Event "DVM U16 2014"]
[Site "Magdeburg GER"]
[Date "2014.12.27"]
[Round "2"]
[White "Rausch, Adrian"]
[Black "Donath, Johann"]
[Result "0-1"]
[Termination "normal"]
[Board "5.2"]
[WhiteElo "1787"]
[BlackElo "2065"]
[WhiteTeam "SV Backnang"]
[BlackTeam "BSV 63 Chemie Weißensee"]
[PlyCount "92"]
[WhiteFideId "12929069"]
[BlackFideId "24685160"]
[EventCountry "GER"]
[EventRounds "7"]
[EventType "team-swiss"]
[EventDate "2014.12.26"]

1. d4 d5 2. Nf3 Nf6 3. g3 c6 4. Bg2 Bg4 5. Ne5 Bh5 6. Nd2 Nbd7 7. Ndf3 e6 8.
O-O Be7 9. c4 O-O 10. Qc2 Nxe5 11. Nxe5 Nd7 12. e4 Nxe5 13. dxe5 Bg6 14. f4
dxe4 15. Be3 Qd3 16. Qxd3 exd3 17. g4 f5 18. gxf5 Bxf5 19. Bf3 Rfd8 20. c5 d2
21. Be2 Rd5 22. b4 Rad8 23. Bd1 Rd3 24. Kf2 Rc3 25. Be2 Be4 26. Rg1 Bh4+ 27.
Rg3 Bxg3+ 28. hxg3 Bc2 29. Bd1 Rdd3 30. Bxc2 Rxc2 31. Rd1 Rxa2 32. Ke2 Rb3 33.
Rxd2 Rxd2+ 34. Bxd2 Rxg3 35. Be1 Ra3 36. Bd2 Ra2 37. Kd3 Rxd2+ 38. Kxd2 b6 39.
Kd3 h5 40. b5 Kf7 41. bxc6 Ke7 42. c7 Kd7 43. f5 exf5 44. Kc4 bxc5 45. Kd5 Kxc7
46. Ke6 f4 0-1

[Event "DVM U16 2014"]
[Site "Magdeburg GER"]
[Date "2014.12.27"]
[Round "2"]
[White "Fabiunke, Jakob"]
[Black "Soos, Philipp"]
[Result "1-0"]
[Termination "normal"]
[Board "5.3"]
[WhiteElo "1757"]
[BlackElo "1700"]
[WhiteTeam "BSV 63 Chemie Weißensee"]
[BlackTeam "SV Backnang"]
[PlyCount "115"]
[WhiteFideId "24686085"]
[BlackFideId "12943967"]
[EventCountry "GER"]
[EventRounds "7"]
[EventType "team-swiss"]
[EventDate "2014.12.26"]

1. e4 e5 2. Nf3 Nc6 3. Bc4 Nf6 4. d3 Bc5 5. c3 d6 6. O-O Bg4 7. Nbd2 Ne7 8. Qb3
O-O 9. Qxb7 Bb6 10. Qa6 Ng6 11. Re1 Qd7 12. d4 exd4 13. Nxd4 c5 14. Ne2 Nh4 15.
Ng3 Rfe8 16. Bb5 Qc8 17. Qxc8 Rexc8 18. Nc4 Bf3 19. Nxb6 axb6 20. Bf1 h6 21.
Kh1 Bh5 22. Nxh5 Nxh5 23. Bc4 Re8 24. f3 Nf6 25. Bf4 Rad8 26. Rad1 d5 27. exd5
Nf5 28. Rxe8+ Rxe8 29. Bb5 Rd8 30. d6 g5 31. Be5 Nd7 32. Bg3 Kg7 33. b4 cxb4
34. cxb4 Nxg3+ 35. hxg3 Kf6 36. a4 Ke6 37. a5 bxa5 38. bxa5 f5 39. a6 Nb6 40.
d7 Ke7 41. Re1+ Kd6 42. Re8 Kc7 43. Rxd8 Kxd8 44. a7 Kc7 45. Kg1 g4 46. f4 h5
47. Kf2 Kd8 48. Ke3 Kc7 49. Kd4 h4 50. gxh4 g3 51. h5 Kd8 52. h6 Ke7 53. h7
Nxd7 54. Bxd7 Kf7 55. h8=Q Ke7 56. a8=Q Kd6 57. Qe5+ Kxd7 58. Qae8# 1-0

[Event "DVM U16 2014"]
[Site "Magdeburg GER"]
[Date "2014.12.27"]
[Round "2"]
[White "Maier, Lukas"]
[Black "Fege, Julian"]
[Result "1/2-1/2"]
[Termination "normal"]
[Board "5.4"]
[WhiteElo "1641"]
[BlackElo "1737"]
[WhiteTeam "SV Backnang"]
[BlackTeam "BSV 63 Chemie Weißensee"]
[PlyCount "113"]
[WhiteFideId "12946184"]
[BlackFideId "24699551"]
[EventCountry "GER"]
[EventRounds "7"]
[EventType "team-swiss"]
[EventDate "2014.12.26"]

1. d4 Nf6 2. c4 g6 3. Nc3 Bg7 4. Nf3 O-O 5. Bf4 d6 6. e4 Nbd7 7. Be2 Nh5 8. Be3
e5 9. d5 a5 10. O-O Nc5 11. Nd2 Nf4 12. Nb3 Nxe2+ 13. Qxe2 b6 14. Nxc5 bxc5 15.
b3 f5 16. Rad1 f4 17. Bc1 g5 18. f3 Rf6 19. Kf2 Rg6 20. Qe1 g4 21. Ke2 Bf6 22.
Kd3 Bd7 23. Qe2 h5 24. Bd2 Kh7 25. Rh1 Qg8 26. Nb5 Bxb5 27. cxb5 a4 28. Kc2
axb3+ 29. Kxb3 Qe8 30. a4 Qd7 31. Ra1 Rgg8 32. Kc4 Rgb8 33. Rhb1 Bd8 34. Be1
Kg7 35. Qd1 Kf8 36. Rb3 Ke8 37. Rba3 Kf8 38. fxg4 hxg4 39. h3 g3 40. Qh5 Qf7
41. Qg4 Bf6 42. a5 Ke7 43. b6 Rb7 44. bxc7 Rxc7 45. Rb3 Rg8 46. Qd1 Ra8 47. Qb1
Qe8 48. a6 Qd7 49. Rb6 Kf7 50. Qb5 Bd8 51. Rc6 Rca7 52. Rb1 Ke7 53. Ba5 Bxa5
54. Qxa5 Qd8 55. Rbb6 Rxa6 56. Qxa6 Rxa6 57. Rxa6 1/2-1/2

[Event "DVM U16 2014"]
[Site "Magdeburg GER"]
[Date "2014.12.27"]
[Round "2"]
[White "Hammann, Jonas"]
[Black "Engert, Marvin"]
[Result "1-0"]
[Termination "normal"]
[Board "6.1"]
[WhiteElo "1872"]
[BlackElo "1689"]
[WhiteTeam "Stader SV"]
[BlackTeam "SG Turm Leipzig"]
[PlyCount "103"]
[WhiteFideId "12930601"]
[BlackFideId "12901164"]
[EventCountry "GER"]
[EventRounds "7"]
[EventType "team-swiss"]
[EventDate "2014.12.26"]

1. d4 Nf6 2. c4 e5 3. dxe5 Ng4 4. Nf3 Bc5 5. e3 Nc6 6. Be2 Ngxe5 7. O-O O-O 8.
Nc3 Nxf3+ 9. Bxf3 Ne5 10. Be2 d6 11. b3 Bf5 12. Bb2 Qh4 13. Nd5 c6 14. Nf4 Ng4
15. Bxg4 Qxg4 16. Qd2 Rad8 17. Qc3 f6 18. Rad1 Rfe8 19. Rd2 Bb6 20. Rfd1 Be4
21. h3 Qg5 22. Rxd6 Rxd6 23. Rxd6 Bc7 24. c5 b6 25. Qc4+ Kf8 26. Rd7 Bd5 27.
Nxd5 cxd5 28. Qxd5 Qxd5 29. Rxd5 Ke7 30. Kf1 Ke6 31. e4 g6 32. f3 f5 33. Ke2
fxe4 34. fxe4 Rf8 35. Bc1 bxc5 36. Rxc5 Bb6 37. Rc6+ Ke5 38. Be3 Bxe3 39. Kxe3
Rf7 40. Rc5+ Kd6 41. Ra5 Rc7 42. Kd4 Ke6 43. Ra6+ Kd7 44. Kd5 Ke7 45. Re6+ Kd7
46. Ra6 Ke7 47. e5 Rd7+ 48. Rd6 Rc7 49. e6 h5 50. Rd7+ Rxd7+ 51. exd7 Kxd7 52.
b4 1-0

[Event "DVM U16 2014"]
[Site "Magdeburg GER"]
[Date "2014.12.27"]
[Round "2"]
[White "Storch, Domenic"]
[Black "Dittmann, Tobias"]
[Result "0-1"]
[Termination "normal"]
[Board "6.2"]
[WhiteElo "1596"]
[BlackElo "1773"]
[WhiteTeam "SG Turm Leipzig"]
[BlackTeam "Stader SV"]
[PlyCount "76"]
[WhiteFideId "16200470"]
[BlackFideId "12964360"]
[EventCountry "GER"]
[EventRounds "7"]
[EventType "team-swiss"]
[EventDate "2014.12.26"]

1. d4 d5 2. c4 e6 3. Nc3 Nf6 4. cxd5 exd5 5. Nf3 c6 6. Qc2 Be7 7. Bg5 Nbd7 8.
e3 Nh5 9. h4 h6 10. Bxe7 Qxe7 11. Bd3 Nf4 12. O-O-O Nxd3+ 13. Qxd3 Nf6 14. Ne5
Ng4 15. Nxg4 Bxg4 16. f3 Be6 17. e4 O-O-O 18. Rde1 Qf6 19. e5 Qe7 20. Nd1 Kb8
21. f4 g6 22. Ne3 Qd7 23. Rhg1 h5 24. f5 gxf5 25. Ref1 Rc8 26. Nxf5 c5 27. Nd6
Rc6 28. Kb1 cxd4 29. Qxd4 Rg8 30. Rf4 Rc7 31. Qd1 Rh8 32. Rgf1 Rh7 33. Qd3 Rg7
34. Qf3 Qc6 35. Qf2 d4 36. b3 Qa6 37. a3 Qd3+ 38. Ka1 Qxb3 0-1

[Event "DVM U16 2014"]
[Site "Magdeburg GER"]
[Date "2014.12.27"]
[Round "2"]
[White "Kragge, Jan"]
[Black "Hummel, Felician"]
[Result "1-0"]
[Termination "normal"]
[Board "6.3"]
[WhiteElo "1800"]
[BlackElo "1627"]
[WhiteTeam "Stader SV"]
[BlackTeam "SG Turm Leipzig"]
[PlyCount "21"]
[WhiteFideId "12930415"]
[BlackFideId "16200489"]
[EventCountry "GER"]
[EventRounds "7"]
[EventType "team-swiss"]
[EventDate "2014.12.26"]

1. e4 e6 2. d4 d5 3. Nc3 Nf6 4. Bg5 Be7 5. e5 Nfd7 6. Bxe7 Qxe7 7. Qg4 O-O 8.
Bd3 a6 9. Nf3 c5 10. Bxh7+ Kh8 11. Qh5 1-0

[Event "DVM U16 2014"]
[Site "Magdeburg GER"]
[Date "2014.12.27"]
[Round "2"]
[White "Buschmann, Johannes"]
[Black "Fragel, Max"]
[Result "1-0"]
[Termination "normal"]
[Board "6.4"]
[WhiteElo "1383"]
[BlackElo "1768"]
[WhiteTeam "SG Turm Leipzig"]
[BlackTeam "Stader SV"]
[PlyCount "79"]
[WhiteFideId "16200497"]
[BlackFideId "12914193"]
[EventCountry "GER"]
[EventRounds "7"]
[EventType "team-swiss"]
[EventDate "2014.12.26"]

1. e4 Nf6 2. e5 Nd5 3. d4 d6 4. Nf3 Nc6 5. exd6 cxd6 6. Bc4 Nb6 7. Bb3 Na5 8.
O-O Nxb3 9. axb3 Bg4 10. h3 Bh5 11. Re1 Qc7 12. c4 f6 13. d5 Bxf3 14. Qxf3 Nd7
15. Qe3 Nc5 16. Na3 a6 17. Nb5 Qd8 18. Nd4 a5 19. Ne6 Nxe6 20. Qxe6 Qd7 21. Qe2
g6 22. Bd2 Qd8 23. Qe6 Bg7 24. Bxa5 Qd7 25. Bb6 Rxa1 26. Rxa1 Qxe6 27. dxe6 O-O
28. Ra7 f5 29. Rxb7 Re8 30. c5 dxc5 31. Bxc5 Kf8 32. b4 Bxb2 33. b5 Be5 34. b6
Bd6 35. Bxd6 exd6 36. e7+ Kf7 37. Rc7 Rb8 38. b7 Kf6 39. Rc8 Rxb7 40. e8=Q 1-0

[Event "DVM U16 2014"]
[Site "Magdeburg GER"]
[Date "2014.12.27"]
[Round "2"]
[White "Bykov, Ilya"]
[Black "Sabirov, Ramil"]
[Result "0-1"]
[Termination "normal"]
[Board "7.1"]
[WhiteElo "1732"]
[BlackElo "1922"]
[WhiteTeam "Karlsruher SF 1853"]
[BlackTeam "SG Porz"]
[PlyCount "62"]
[WhiteFideId "12918059"]
[BlackFideId "12900303"]
[EventCountry "GER"]
[EventRounds "7"]
[EventType "team-swiss"]
[EventDate "2014.12.26"]

1. d3 d5 2. Nf3 Nf6 3. g3 c6 4. Bg2 Bf5 5. O-O Nbd7 6. Nbd2 e5 7. e4 Bg6 8. h3
Bd6 9. Nh2 O-O 10. f4 exf4 11. gxf4 Qb6+ 12. Kh1 Nh5 13. Qg4 f5 14. exf5 Rxf5
15. Nb3 Raf8 16. d4 Qc7 17. c3 Nxf4 18. Bxf4 Bxf4 19. Nf3 Bh5 20. Qh4 Bg3 21.
Qe7 Bxf3 22. Qe6+ Kh8 23. Bxf3 Rxf3 24. Rxf3 Rxf3 25. Nc5 Nf8 26. Qg4 Qf7 27.
Kg2 Rf6 28. Nd3 Bd6 29. Qe2 Ng6 30. Re1 Nh4+ 31. Kh1 Re6 0-1